Código de justicia militar comentado: antecedentes, concordancias, jurisprudencia, referencias. Leyes y reglamentos que lo complementan

Saved in:
Bibliografiske detaljer
Hovedforfatter: Astrosa Herrera, Renato (Author)
Format: Bog
Sprog:spansk
Udgivet: Santiago De Carabineros 1967
Udgivelse:2a. ed
Fag:
Tags: Tilføj Tag
Ingen Tags, Vær først til at tagge denne postø!

MARC

LEADER 00000nam a2200000 a 4500
001 UCR4480
003 CL-VaPUC
008 980307e19670000CL |||||||||||||||||spa|d
082 0 4 |a 343.014  |b AST  |2 21 
100 0 |a Astrosa Herrera, Renato  |e author  |9 404680 
245 1 0 |a Código de justicia militar comentado: antecedentes, concordancias, jurisprudencia, referencias. Leyes y reglamentos que lo complementan 
246 1 0 |a Código Penal 
250 |a 2a. ed 
300 |a 1003 p 
942 |c BK 
945 |d 19980307 00:00:00  |a aolguin 
260 |a Santiago  |b De Carabineros  |c 1967 
650 0 |a Código de justicia militar  |9 371893 
650 0 |a Código penal  |9 255935 
650 7 |a TRIBUNALES MILITARES  |2 CL-VaPUC  |9 328495 
650 7 |a PROCEDIMIENTO MILITAR  |2 CL-VaPUC  |9 404681 
650 7 |a PENALIDADES MILITARES  |2 CL-VaPUC  |9 404682 
650 0 |a Delitos  |9 224143 
650 7 |a RESPONSABILIDAD CRIMINAL  |2 CL-VaPUC  |9 403225 
650 0 |a Penas   |9 255927 
650 7 |a EXTINCION DE LA RESPONSABILIDAD  |2 CL-VaPUC  |9 404683 
650 0 |a Responsabilidad penal  |9 254899 
650 0 |a Crímenes   |9 225419 
650 7 |a DELITOS CONTRA LA SOBERANIA DEL ESTADO  |2 CL-VaPUC  |9 403226 
650 7 |a DELITOS CONTRA LA SEGURIDAD INTERIOS DEL ESTADO  |2 CL-VaPUC  |9 404684 
650 7 |a DELITOS CONTRA LA FE PUBLICA  |2 CL-VaPUC  |9 377510 
650 7 |a EPLEADOS PUBLICOS  |2 CL-VaPUC  |9 404685 
650 7 |a GARANTIAS CONSTITUCIONALES  |2 CL-VaPUC  |9 404686 
650 7 |a DELITOS CONTRA EL ORDEN  |2 CL-VaPUC  |9 404687 
650 7 |a DELITOS CONTRA EL ORDEN DE LA FAMILIA  |2 CL-VaPUC  |9 404688 
650 7 |a DELITOS CONTRA LA MORAL  |2 CL-VaPUC  |9 403231 
650 7 |a DELITOS CONTRA LAS PERSONAS  |2 CL-VaPUC  |9 256124 
650 0 |a Delitos contra la propiedad   |9 256091 
650 7 |a CUASIDELITOS  |2 CL-VaPUC  |9 377513 
650 7 |a FALTAS  |2 CL-VaPUC  |9 404689 
583 |a last modification  |c 19980307 00:00:00  |k Rodrigo Vera 
999 |c 267421  |d 267419 
952 |0 0  |1 0  |4 0  |6 343_014000000000000_AST_1967  |7 0  |8 P  |9 299715  |a BIBDER  |b BIBDER  |d 2019-11-20  |i 1961012  |l 1  |o 343.014 AST 1967  |p 1961012  |r 2024-11-12  |s 2024-11-05  |w 2019-11-20  |y BK  |k DER